000
00332 a2200109 4500
001
ART_12013
005
20260410161902.0
008
260409a
245
1
0
_a
Utilitarianism and horizontal equity
100
1
_a
Stiglitz, Joseph E.
773
0
_t
Journal of public economics
_g
- Vol. 18, NÂș 1 (jun. 1982)
_w
REV11485
999
_c
26003
_d
26003